[Event "ENG-ch Senior Over 65"]
[Site "Kenilworth"]
[Date "2025.04.24"]
[Round "1.5"]
[White "Tucker, David S"]
[Black "Bonafont, Philip R"]
[Result "1/2-1/2"]
[WhiteElo "1904"]
[BlackElo "1976"]
[PlyCount "63"]
[EventDate "2025.04.24"]
[EventType "swiss"]
[EventRounds "7"]
[EventCountry "ENG"]
[SourceTitle "BritBase"]
[Source "John Saunders"]
[SourceDate "1997.08.31"]
[SourceVersion "1"]
[SourceVersionDate "1997.08.31"]
[SourceQuality "1"]

1. e4 c6 2. d4 d5 3. exd5 cxd5 4. Bd3 Nc6 5. c3 Nf6 6. Bf4 Bg4 7. Qb3 Qd7 8. Nd2 e6 9. Ngf3 Bd6 10. Bg3 O-O 11. Ne5 Qc7 12. Nxg4 Nxg4 13. h3 Nf6 14. Bxd6 Qxd6 15. O-O Rab8 16. Nf3 b5 17. a3 Rfc8 18. Rfe1 Qc7 19. Ne5 Nxe5 20. Rxe5 g6 21. Qd1 a5 22. Qd2 Kg7 23. Rc1 Ne8 24. g4 Nd6 25. g5 Nc4 26. Bxc4 bxc4 27. Rc2 Rb6 28. Qf4 Rcb8 29. Qf6+ Kg8 30. Ree2 Qd8 31. Qxd8+ Rxd8 32. f4 1/2-1/2

[Event "ENG-ch Senior Over 65"]
[Site "Kenilworth"]
[Date "2025.04.24"]
[Round "1.6"]
[White "Jackson, Oliver A"]
[Black "Hawkins, James N"]
[Result "1-0"]
[WhiteElo "2036"]
[BlackElo "1931"]
[PlyCount "39"]
[EventDate "2025.04.24"]
[EventType "swiss"]
[EventRounds "7"]
[EventCountry "ENG"]
[SourceTitle "BritBase"]
[Source "John Saunders"]
[SourceDate "1997.08.31"]
[SourceVersion "1"]
[SourceVersionDate "1997.08.31"]
[SourceQuality "1"]

1. e4 e5 2. f4 Bc5 3. Nf3 d6 4. Nc3 Nc6 5. Na4 Nf6 6. Nxc5 dxc5 7. fxe5 Ng4 8. Bb5 Bd7 9. Bxc6 Bxc6 10. d3 Qe7 11. Bf4 O-O-O 12. h3 Nh6 13. Bg5 Qe6 14. Bxd8 Rxd8 15. Qe2 f5 16. exf6 Qxf6 17. O-O-O Re8 18. Qe3 b6 19. Qg5 Qe6 20. Kb1 1-0

[Event "ENG-ch Senior Over 65"]
[Site "Kenilworth"]
[Date "2025.04.24"]
[Round "1.7"]
[White "Waters, Andrew C"]
[Black "Page, Mark Edward"]
[Result "1/2-1/2"]
[WhiteElo "1841"]
[BlackElo "2049"]
[PlyCount "194"]
[EventDate "2025.04.24"]
[EventType "swiss"]
[EventRounds "7"]
[EventCountry "ENG"]
[SourceTitle "BritBase"]
[Source "John Saunders"]
[SourceDate "1997.08.31"]
[SourceVersion "1"]
[SourceVersionDate "1997.08.31"]
[SourceQuality "1"]

1. e4 c5 2. Nf3 Nf6 3. e5 Nd5 4. Nc3 Nxc3 5. dxc3 Nc6 6. Bc4 e6 7. O-O d5 8. exd6 Bxd6 9. Bg5 Qc7 10. Qe2 h6 11. Bh4 g5 12. Bg3 Bxg3 13. hxg3 Bd7 14. Rfe1 O-O-O 15. Ne5 Nxe5 16. Qxe5 Qxe5 17. Rxe5 b6 18. Ba6+ Kc7 19. b4 Ba4 20. Bd3 c4 21. Bxc4 Bxc2 22. Re2 Bd3 23. Bxd3 Rxd3 24. Rc1 Rhd8 25. Kf1 R8d5 26. c4 R5d4 27. Rec2 e5 28. Ke2 e4 29. Rh1 Rd6 30. g4 Ra3 31. Rb1 Kd7 32. Rbb2 Ke6 33. c5 bxc5 34. Rxc5 Rda6 35. Rcc2 Ke5 36. g3 Kd4 37. Rd2+ Rd3 38. b5 Ra4 39. Rdc2 Rda3 40. Rd2+ Rd3 41. Rdc2 e3 42. fxe3+ Rxe3+ 43. Kf2 Raa3 44. b6 axb6 45. Rb4+ Ke5 46. Rb5+ Kd4 47. Rb4+ Kd3 48. Rcb2 Re6 49. R4b3+ Rxb3 50. Rxb3+ Kc4 51. Kf3 b5 52. Rb2 b4 53. Kf2 Ra6 54. Ke3 Ra3+ 55. Kf2 Kc3 56. Re2 Ra6 57. Kf3 Rf6+ 58. Kg2 Rd6 59. Kh3 Rd2 60. Re7 Rxa2 61. Re3+ Kb2 62. Rb3+ Kc2 63. Rxb4 Ra6 64. Rb7 Rf6 65. Rd7 Kc3 66. Kg2 Kc4 67. Kg1 Kc5 68. Kg2 Kc6 69. Rd3 Rd6 70. Rf3 f6 71. Re3 Kd7 72. Ra3 Ke7 73. Ra7+ Rd7 74. Ra8 Kf7 75. Ra6 Re7 76. Rb6 Re6 77. Rb7+ Kg6 78. Ra7 h5 79. gxh5+ Kxh5 80. Ra5 Re4 81. Kf3 Rb4 82. Rf5 Rb3+ 83. Kf2 Kg6 84. g4 Kf7 85. Ra5 Rb4 86. Kg3 Rf4 87. Rb5 Ke6 88. Ra5 Rd4 89. Rb5 Rd3+ 90. Kg2 Rd5 91. Rb3 Ke5 92. Kf3 f5 93. gxf5 Kxf5 94. Kg3 Kg6 95. Rb6+ Kh5 96. Rb3 Rd4 97. Ra3 Rc4 1/2-1/2

[Event "ENG-ch Senior Over 65"]
[Site "Kenilworth"]
[Date "2025.04.24"]
[Round "1.8"]
[White "Jackson, Sheila"]
[Black "Wynarczyk, Raymond"]
[Result "1/2-1/2"]
[WhiteElo "2031"]
[BlackElo "1813"]
[PlyCount "75"]
[EventDate "2025.04.24"]
[EventType "swiss"]
[EventRounds "7"]
[EventCountry "ENG"]
[SourceTitle "BritBase"]
[Source "John Saunders"]
[SourceDate "1997.08.31"]
[SourceVersion "1"]
[SourceVersionDate "1997.08.31"]
[SourceQuality "1"]

1. e4 d6 2. d4 Nf6 3. Nc3 e5 4. dxe5 dxe5 5. Qxd8+ Kxd8 6. f3 Be6 7. Be3 c6 8. O-O-O+ Kc7 9. a3 Nbd7 10. Nge2 Bc5 11. Bxc5 Nxc5 12. g4 Rad8 13. Ng3 h5 14. g5 Rxd1+ 15. Nxd1 Nh7 16. h4 g6 17. Ne3 b5 18. Be2 f6 19. gxf6 Rf8 20. Rg1 Rxf6 21. Ngf1 Nf8 22. Rg5 Nh7 23. Rg3 Nf8 24. Nd2 Bf7 25. c3 Nfe6 26. Kc2 Nf4 27. Bf1 a5 28. b4 axb4 29. axb4 Nd7 30. Nb3 Bxb3+ 31. Kxb3 Nb6 32. Rg5 Ne6 33. Rg3 Nf4 34. c4 Ne6 35. Nc2 bxc4+ 36. Bxc4 Nxc4 37. Kxc4 Nf4 38. Rg5 1/2-1/2

[Event "ENG-ch Senior Over 65"]
[Site "Kenilworth"]
[Date "2025.04.24"]
[Round "1.9"]
[White "Neatherway, A Philip"]
[Black "Moore, Geoffrey R"]
[Result "0-1"]
[WhiteElo "1761"]
[BlackElo "1983"]
[PlyCount "72"]
[EventDate "2025.04.24"]
[EventType "swiss"]
[EventRounds "7"]
[EventCountry "ENG"]
[SourceTitle "BritBase"]
[Source "John Saunders"]
[SourceDate "1997.08.31"]
[SourceVersion "1"]
[SourceVersionDate "1997.08.31"]
[SourceQuality "1"]

1. e4 e5 2. Nf3 Nc6 3. Bb5 a6 4. Ba4 Nf6 5. Qe2 d6 6. c3 Bd7 7. O-O g6 8. Rd1 Bg7 9. d4 b5 10. Bc2 O-O 11. dxe5 Nxe5 12. Nxe5 dxe5 13. Nd2 Qe7 14. Nf1 Nh5 15. a4 Rad8 16. axb5 axb5 17. g3 Nf6 18. Bg5 h6 19. Bxf6 Qxf6 20. Ne3 c6 21. Rd2 Be6 22. Rad1 Qe7 23. Rxd8 Rxd8 24. Rxd8+ Qxd8 25. Qd3 Qa5 26. b4 Qa1+ 27. Kg2 Bf6 28. c4 bxc4 29. Nxc4 h5 30. h4 Bh3+ 31. Kh2 Bf1 32. Qd6 Kg7 33. Ne3 Qe1 34. Nd1 Be2 35. Kg2 Qf1+ 36. Kh2 Bf3 0-1

[Event "ENG-ch Senior Over 65"]
[Site "Kenilworth"]
[Date "2025.04.24"]
[Round "1.10"]
[White "Dilleigh, Stephen P"]
[Black "Kenning, Paul H"]
[Result "1-0"]
[WhiteElo "2024"]
[BlackElo "1771"]
[PlyCount "71"]
[EventDate "2025.04.24"]
[EventType "swiss"]
[EventRounds "7"]
[EventCountry "ENG"]
[SourceTitle "BritBase"]
[Source "John Saunders"]
[SourceDate "1997.08.31"]
[SourceVersion "1"]
[SourceVersionDate "1997.08.31"]
[SourceQuality "1"]

1. Nf3 d5 2. d4 Nc6 3. c4 Bg4 4. Nc3 e6 5. Bg5 Be7 6. Bxe7 Ngxe7 7. e3 O-O 8. cxd5 exd5 9. Be2 Qd7 10. O-O Rad8 11. Rc1 f5 12. Ne1 Bxe2 13. Nxe2 Ng6 14. Nd3 b6 15. Qd2 Rc8 16. Rc2 Nd8 17. Rfc1 a5 18. Nef4 Nxf4 19. exf4 Nf7 20. Ne5 Nxe5 21. fxe5 Rfe8 22. f4 Re6 23. Qd3 Re7 24. Rc6 g6 25. Qc2 Qe8 26. Rxb6 Rb8 27. Rxb8 Qxb8 28. Qb3 Qa8 29. Rc5 c6 30. Qc3 Qa6 31. Rxc6 Qe2 32. h3 Rb7 33. Qc5 Qe3+ 34. Kh1 Qe1+ 35. Kh2 Qe4 36. Rc8+ 1-0

[Event "ENG-ch Senior Over 65"]
[Site "Kenilworth"]
[Date "2025.04.24"]
[Round "1.11"]
[White "Greatorex, Roger"]
[Black "Myall, Ivan J"]
[Result "0-1"]
[WhiteElo "1744"]
[BlackElo "1913"]
[PlyCount "74"]
[EventDate "2025.04.24"]
[EventType "swiss"]
[EventRounds "7"]
[EventCountry "ENG"]
[SourceTitle "BritBase"]
[Source "John Saunders"]
[SourceDate "1997.08.31"]
[SourceVersion "1"]
[SourceVersionDate "1997.08.31"]
[SourceQuality "1"]

1. d4 Nf6 2. Nf3 d5 3. e3 Bf5 4. c4 c6 5. Qb3 Qb6 6. Nbd2 e6 7. c5 Qc7 8. Qc3 Be7 9. b4 O-O 10. Be2 h6 11. O-O Nbd7 12. Bb2 Ne4 13. Nxe4 Bxe4 14. a4 Bf6 15. Ne5 Be7 16. Nxd7 Qxd7 17. b5 Qc7 18. Ba3 Bf6 19. b6 Qd7 20. a5 Rfe8 21. f4 g6 22. Bc1 Bg7 23. Bd2 a6 24. Be1 Qe7 25. Bg3 Bf5 26. Qe1 f6 27. Ra2 e5 28. fxe5 fxe5 29. Bxe5 Bxe5 30. dxe5 Qxe5 31. Ra3 Qb2 32. Rc3 d4 33. Bc4+ Kg7 34. Rxf5 Qxc3 35. Rf7+ Kh8 36. Qh4 Qxe3+ 37. Kh1 Qe1+ 0-1

[Event "ENG-ch Senior Over 65"]
[Site "Kenilworth"]
[Date "2025.04.24"]
[Round "1.12"]
[White "Clark, Robert G"]
[Black "O'Gorman, Brendan"]
[Result "1/2-1/2"]
[WhiteElo "2072"]
[BlackElo "1681"]
[PlyCount "58"]
[EventDate "2025.04.24"]
[EventType "swiss"]
[EventRounds "7"]
[EventCountry "ENG"]
[SourceTitle "BritBase"]
[Source "John Saunders"]
[SourceDate "1997.08.31"]
[SourceVersion "1"]
[SourceVersionDate "1997.08.31"]
[SourceQuality "1"]

1. c4 c6 2. g3 d5 3. Bg2 dxc4 4. Nf3 g6 5. O-O Nf6 6. a4 Bg7 7. Na3 O-O 8. Nxc4 Be6 9. d3 h6 10. a5 Na6 11. Bd2 Qc8 12. Re1 Rd8 13. Qc1 Kh7 14. Bc3 Nc5 15. Ra3 Bxc4 16. dxc4 Nce4 17. Bxf6 Bxf6 18. Qc2 Nc5 19. e4 Bg7 20. b4 Na6 21. Rb3 Qd7 22. h4 Kg8 23. Rbb1 Qd3 24. Qxd3 Rxd3 25. b5 Nc5 26. a6 Rc8 27. axb7 Nxb7 28. Rec1 cxb5 29. cxb5 Rdc3 1/2-1/2

[Event "ENG-ch Senior Over 65"]
[Site "Kenilworth"]
[Date "2025.04.24"]
[Round "1.13"]
[White "Winter, Kevin"]
[Black "Moore, John C"]
[Result "0-1"]
[WhiteElo "1751"]
[BlackElo "1938"]
[PlyCount "125"]
[EventDate "2025.04.24"]
[EventType "swiss"]
[EventRounds "7"]
[EventCountry "ENG"]
[SourceTitle "BritBase"]
[Source "John Saunders"]
[SourceDate "1997.08.31"]
[SourceVersion "1"]
[SourceVersionDate "1997.08.31"]
[SourceQuality "1"]

1. Nf3 Nf6 2. d4 d5 3. Bg5 e6 4. e3 Be7 5. Bd3 O-O 6. Nbd2 Nbd7 7. O-O c5 8. c3 b6 9. Qa4 a6 10. Ne5 b5 11. Qd1 Nxe5 12. dxe5 Nd7 13. Bf4 f6 14. Qh5 f5 15. Nf3 Bb7 16. Ng5 Bxg5 17. Bxg5 Qe8 18. Qxe8 Raxe8 19. f4 h6 20. Bh4 g5 21. Bf2 Bc6 22. Bc2 Rb8 23. b4 cxb4 24. cxb4 Nb6 25. Bb3 Rfc8 26. Rfd1 Be8 27. Rdc1 Nc4 28. Rd1 Bh5 29. Rd4 Na3 30. Rd2 Rc3 31. fxg5 hxg5 32. e4 fxe4 33. Bd4 Rc7 34. Bc5 Rbc8 35. h3 a5 36. Kh2 a4 37. Bd1 Nc4 38. Rd4 Bxd1 39. Raxd1 Nxe5 40. Bd6 Nc6 41. R4d2 Rd7 42. Bc5 Ne5 43. a3 Nd3 44. Be3 Rg7 45. Rf1 Rf8 46. Rfd1 Ne5 47. Bd4 Rf5 48. Rc2 Nc4 49. Bxg7 Kxg7 50. Rc3 Rf2 51. Rg3 Kf6 52. h4 gxh4 53. Rg8 Ke5 54. Rg5+ Kf4 55. Rg7 Ke3 56. Ra1 d4 57. Rg4 Kd3 58. Rxh4 e3 59. Rh3 Nd2 60. Kg1 Rf5 61. Rc1 Nb3 62. Rb1 Kd2 63. Rb2+ 0-1

[Event "ENG-ch Senior Over 65"]
[Site "Kenilworth"]
[Date "2025.04.24"]
[Round "1.14"]
[White "De Coverly, Roger D"]
[Black "Hall, Alan A"]
[Result "1-0"]
[WhiteElo "1918"]
[BlackElo "1780"]
[PlyCount "109"]
[EventDate "2025.04.24"]
[EventType "swiss"]
[EventRounds "7"]
[EventCountry "ENG"]
[SourceTitle "BritBase"]
[Source "John Saunders"]
[SourceDate "1997.08.31"]
[SourceVersion "1"]
[SourceVersionDate "1997.08.31"]
[SourceQuality "1"]

1. e4 e5 2. Nf3 Nf6 3. Nxe5 d6 4. Nf3 Nxe4 5. d4 d5 6. Bd3 Bd6 7. O-O O-O 8. c4 c6 9. Nc3 Nxc3 10. bxc3 dxc4 11. Bxc4 Bg4 12. Be2 Nd7 13. Re1 Re8 14. Be3 Qc7 15. h3 Bh5 16. Qc1 c5 17. d5 c4 18. Nd4 Bxe2 19. Nxe2 Ne5 20. Qc2 Nd3 21. Red1 Qe7 22. Nc1 Qe5 23. Nxd3 Qh2+ 24. Kf1 cxd3 25. Qxd3 Qh1+ 26. Ke2 Qxg2 27. Qf5 Qe4 28. Qxe4 Rxe4 29. Kd3 Rh4 30. Rh1 b6 31. c4 Rc8 32. Rac1 f6 33. f3 Kf7 34. a4 Bc5 35. f4 Bd6 36. Rcf1 Bc5 37. Bd2 Bd6 38. Rf3 Bc5 39. Rb1 Rh5 40. a5 f5 41. axb6 axb6 42. Be3 Rh6 43. Bxc5 Rxc5 44. Kd4 Rc7 45. Rfb3 Rb7 46. Rg1 Rf6 47. Re1 g6 48. Kd3 Rd6 49. Re5 Rbd7 50. Kd4 Rc7 51. Rbe3 Rcd7 52. Re6 Rd8 53. Re7+ Kf6 54. R3e6+ Rxe6 55. Rxe6+ 1-0

[Event "ENG-ch Senior Over 65"]
[Site "Kenilworth"]
[Date "2025.04.24"]
[Round "1.15"]
[White "Morrish, John"]
[Black "Spanton, Tim R"]
[Result "0-1"]
[WhiteElo "1786"]
[BlackElo "1922"]
[PlyCount "50"]
[EventDate "2025.04.24"]
[EventType "swiss"]
[EventRounds "7"]
[EventCountry "ENG"]
[SourceTitle "BritBase"]
[Source "John Saunders"]
[SourceDate "1997.08.31"]
[SourceVersion "1"]
[SourceVersionDate "1997.08.31"]
[SourceQuality "1"]

1. e4 e5 2. Bc4 Bc5 3. Nf3 Nc6 4. b4 Bxb4 5. c3 Bd6 6. d4 Nf6 7. dxe5 Bxe5 8. Nxe5 Nxe5 9. Bb3 O-O 10. Bg5 h6 11. Bh4 Ng6 12. Bg3 Nxe4 13. O-O Nxg3 14. fxg3 d6 15. Nd2 Ne5 16. Qc2 Bd7 17. Rf4 a5 18. a3 Qe7 19. Raf1 Bb5 20. c4 Bc6 21. Ne4 Ng6 22. Rg4 h5 23. Rxg6 Bxe4 24. Qe2 fxg6 25. Re1 Qf6 0-1

[Event "ENG-ch Senior Over 65"]
[Site "Kenilworth"]
[Date "2025.04.24"]
[Round "1.16"]
[White "McNally, Richard J E"]
[Black "Collins, Nigel"]
[Result "1-0"]
[WhiteElo "1926"]
[BlackElo "1577"]
[PlyCount "89"]
[EventDate "2025.04.24"]
[EventType "swiss"]
[EventRounds "7"]
[EventCountry "ENG"]
[SourceTitle "BritBase"]
[Source "John Saunders"]
[SourceDate "1997.08.31"]
[SourceVersion "1"]
[SourceVersionDate "1997.08.31"]
[SourceQuality "1"]

1. e4 c5 2. Nf3 d6 3. Bb5+ Nd7 4. O-O a6 5. Bxd7+ Bxd7 6. b3 e5 7. Bb2 Nf6 8. Re1 Be7 9. d3 O-O 10. Nbd2 b5 11. c3 Re8 12. d4 exd4 13. cxd4 cxd4 14. Nxd4 Qb6 15. h3 Bc6 16. Nxc6 Qxc6 17. Rc1 Qb7 18. Qf3 Nd7 19. Nf1 Bf6 20. Bxf6 Nxf6 21. Ng3 Re5 22. Nf5 d5 23. Qg3 Rxf5 24. exf5 Ne4 25. Qc7 Qxc7 26. Rxc7 Rd8 27. Rec1 g6 28. Rc8 Rxc8 29. Rxc8+ Kg7 30. fxg6 hxg6 31. Rc6 a5 32. f3 Ng3 33. Kf2 Nf5 34. Rc5 d4 35. Rxb5 d3 36. Rxf5 gxf5 37. Ke3 f4+ 38. Kxd3 f5 39. a3 Kg6 40. b4 axb4 41. axb4 Kh5 42. Ke2 Kh4 43. Kf2 Kg5 44. b5 Kf6 45. b6 1-0

[Event "ENG-ch Senior Over 65"]
[Site "Kenilworth"]
[Date "2025.04.24"]
[Round "1.17"]
[White "Morris, Nigel W"]
[Black "Bray, Dave J"]
[Result "0-1"]
[WhiteElo "1611"]
[BlackElo "1966"]
[PlyCount "38"]
[EventDate "2025.04.24"]
[EventType "swiss"]
[EventRounds "7"]
[EventCountry "ENG"]
[SourceTitle "BritBase"]
[Source "John Saunders"]
[SourceDate "1997.08.31"]
[SourceVersion "1"]
[SourceVersionDate "1997.08.31"]
[SourceQuality "1"]

1. d4 Nf6 2. c4 e6 3. Nc3 Bb4 4. Bd2 O-O 5. e3 b6 6. Bd3 Bb7 7. Nf3 d5 8. O-O Nbd7 9. Rc1 dxc4 10. Bxc4 c5 11. a3 Bxc3 12. bxc3 Qe7 13. Qb3 Ne4 14. Be1 Ng5 15. Be2 Rfc8 16. c4 Nxf3+ 17. gxf3 cxd4 18. exd4 Qg5+ 19. Kh1 Qxc1 0-1

[Event "ENG-ch Senior Over 65"]
[Site "Kenilworth"]
[Date "2025.04.24"]
[Round "1.19"]
[White "Carpenter, David J"]
[Black "Bellers, Chris JV"]
[Result "0-1"]
[WhiteElo "1624"]
[BlackElo "1926"]
[PlyCount "96"]
[EventDate "2025.04.24"]
[EventType "swiss"]
[EventRounds "7"]
[EventCountry "ENG"]
[SourceTitle "BritBase"]
[Source "John Saunders"]
[SourceDate "1997.08.31"]
[SourceVersion "1"]
[SourceVersionDate "1997.08.31"]
[SourceQuality "1"]

1. Nf3 g6 2. g3 Bg7 3. Bg2 c5 4. e4 Nc6 5. O-O d6 6. d3 e5 7. Nbd2 Nge7 8. Re1 O-O 9. Nf1 h6 10. h4 Be6 11. N1h2 d5 12. Be3 dxe4 13. dxe4 Qxd1 14. Rexd1 b6 15. a3 Rfd8 16. Ne1 Rac8 17. Rac1 Nd4 18. Bxd4 exd4 19. b3 b5 20. Bf1 c4 21. bxc4 bxc4 22. Nef3 Nc6 23. Ne1 Rb8 24. Rb1 a5 25. f4 Rxb1 26. Rxb1 Rb8 27. Rxb8+ Nxb8 28. e5 Bf8 29. a4 Bc5 30. Kg2 Nd7 31. Nhf3 Nb6 32. Nd2 Bb4 33. Nef3 Bd5 34. Kf2 Bc5 35. Ke1 Kf8 36. Kd1 c3 37. Nb3 Bxf3+ 38. Be2 Bxe2+ 39. Kxe2 Nxa4 40. Kd3 Nb2+ 41. Ke4 Bb6 42. Nxd4 Bxd4 43. Kxd4 Nd1 44. Kc4 Ke7 45. g4 Ke6 46. Kb5 Ne3 47. Kxa5 Nxc2 48. Ka4 Nd4 0-1

[Event "ENG-ch Senior Over 65"]
[Site "Kenilworth"]
[Date "2025.04.24"]
[Round "1.20"]
[White "Habershon, Paul F"]
[Black "Robinson, Steve"]
[Result "1-0"]
[WhiteElo "1936"]
[BlackElo "1580"]
[PlyCount "51"]
[EventDate "2025.04.24"]
[EventType "swiss"]
[EventRounds "7"]
[EventCountry "ENG"]
[SourceTitle "BritBase"]
[Source "John Saunders"]
[SourceDate "1997.08.31"]
[SourceVersion "1"]
[SourceVersionDate "1997.08.31"]
[SourceQuality "1"]

1. e4 Nf6 2. e5 Nd5 3. d4 d6 4. Nf3 Bg4 5. Be2 g6 6. h3 Bd7 7. O-O Bg7 8. c4 Nb6 9. Be3 Nc6 10. exd6 cxd6 11. Nc3 O-O 12. Rc1 Rc8 13. Qd2 f5 14. Bh6 Rf7 15. Bxg7 Rxg7 16. Rfd1 Be8 17. Ng5 Qd7 18. c5 Na8 19. Bc4+ Kh8 20. Be6 Qc7 21. Nb5 Qb8 22. Bxc8 Qxc8 23. d5 a6 24. dxc6 axb5 25. cxb7 Qxb7 26. Ne6 1-0

[Event "ENG-ch Senior Over 65"]
[Site "Kenilworth"]
[Date "2025.04.24"]
[Round "1.21"]
[White "Wright, George A"]
[Black "Campbell, Ian"]
[Result "0-1"]
[WhiteElo "1569"]
[BlackElo "1959"]
[PlyCount "70"]
[EventDate "2025.04.24"]
[EventType "swiss"]
[EventRounds "7"]
[EventCountry "ENG"]
[SourceTitle "BritBase"]
[Source "John Saunders"]
[SourceDate "1997.08.31"]
[SourceVersion "1"]
[SourceVersionDate "1997.08.31"]
[SourceQuality "1"]

1. b3 d6 2. Bb2 e5 3. c4 g6 4. g3 Bg7 5. Bg2 Ne7 6. Nc3 O-O 7. e3 Nbc6 8. Nge2 Bd7 9. O-O Qc8 10. Re1 Bh3 11. Bh1 Bg4 12. Nd5 Nxd5 13. cxd5 Nb4 14. d3 Bf5 15. e4 Bg4 16. Qd2 c5 17. dxc6 Nxc6 18. Rac1 Qd8 19. Rc4 Rc8 20. a4 Qb6 21. Nc3 Be6 22. Nd5 Qd8 23. f4 Bxd5 24. exd5 Qb6+ 25. Kf1 Nd4 26. Bxd4 exd4 27. Rxc8 Rxc8 28. Bg2 Qxb3 29. Bh3 Rc2 30. Qd1 Qc3 31. Bg4 Rd2 32. Qc1 Qxd3+ 33. Be2 Qe3 34. f5 d3 35. Qc4 Rxe2 0-1

[Event "ENG-ch Senior Over 65"]
[Site "Kenilworth"]
[Date "2025.04.25"]
[Round "2.1"]
[White "Littlewood, Paul E"]
[Black "De Coverly, Roger D"]
[Result "1/2-1/2"]
[WhiteElo "2323"]
[BlackElo "1918"]
[PlyCount "92"]
[EventDate "2025.04.24"]
[EventType "swiss"]
[EventRounds "7"]
[EventCountry "ENG"]
[SourceTitle "BritBase"]
[Source "John Saunders"]
[SourceDate "1997.08.31"]
[SourceVersion "1"]
[SourceVersionDate "1997.08.31"]
[SourceQuality "1"]

1. e4 e5 2. Nf3 Nc6 3. Bb5 a6 4. Ba4 Nf6 5. d3 b5 6. Bb3 Be7 7. O-O d6 8. a3 Na5 9. Ba2 c5 10. Nc3 Be6 11. Bxe6 fxe6 12. Ng5 Qd7 13. Qf3 Nc6 14. Ne2 O-O 15. Qh3 Nd8 16. f4 h6 17. Nf3 exf4 18. Nxf4 e5 19. Ng6 Qxh3 20. gxh3 Rf7 21. Nfh4 Bf8 22. Nf5 Nb7 23. Rf2 Kh7 24. Rg2 Re8 25. Bd2 d5 26. Bc3 d4 27. Bd2 c4 28. Nxf8+ Rexf8 29. Bb4 Rd8 30. a4 Nh5 31. axb5 axb5 32. Ra7 cxd3 33. cxd3 g6 34. Ne7 Nf4 35. Rd2 Nxh3+ 36. Kh1 Rd7 37. Nd5 g5 38. Kg2 g4 39. Rc2 h5 40. Kg3 Rf3+ 41. Kh4 Rg7 42. Rc6 Rgf7 43. Kxh5 Nf4+ 44. Nxf4 exf4 45. Rh6+ Kg7 46. Rg6+ Kh7 1/2-1/2

[Event "ENG-ch Senior Over 65"]
[Site "Kenilworth"]
[Date "2025.04.25"]
[Round "2.2"]
[White "Myall, Ivan J"]
[Black "Townsend, M Paul"]
[Result "0-1"]
[WhiteElo "1913"]
[BlackElo "2149"]
[PlyCount "118"]
[EventDate "2025.04.24"]
[EventType "swiss"]
[EventRounds "7"]
[EventCountry "ENG"]
[SourceTitle "BritBase"]
[Source "John Saunders"]
[SourceDate "1997.08.31"]
[SourceVersion "1"]
[SourceVersionDate "1997.08.31"]
[SourceQuality "1"]

1. e4 g6 2. d4 d6 3. Nc3 c6 4. f4 d5 5. e5 h5 6. Be3 Nh6 7. Qd2 Ng4 8. Nf3 Nxe3 9. Qxe3 Bf5 10. O-O-O e6 11. h3 h4 12. Bd3 Bxd3 13. Rxd3 Nd7 14. Ne2 Be7 15. Kb1 c5 16. c4 dxc4 17. Rdd1 cxd4 18. Qxd4 Nb6 19. Qe4 Qc7 20. Nfd4 O-O-O 21. Nb5 Qc5 22. Nec3 a6 23. Nd4 Rd7 24. Rd2 Rhd8 25. Rhd1 Nd5 26. Ka1 Nb4 27. a3 Nd3 28. Nf3 Nf2 29. Rxd7 Rxd7 30. Rxd7 Nxe4 31. Nxe4 Kxd7 32. Nxc5+ Bxc5 33. Nxh4 Be3 34. Nf3 Bxf4 35. h4 Kc6 36. g4 Kd5 37. h5 gxh5 38. gxh5 Ke4 39. Ne1 Kxe5 40. Kb1 Kf5 41. Kc2 Kg5 42. Kc3 Be5+ 43. Kxc4 Bxb2 44. a4 Ba3 45. Nd3 Bd6 46. Kd4 Kxh5 47. Ke4 Kg4 48. Ne1 Kg3 49. Nf3 f5+ 50. Ke3 e5 51. Ke2 b5 52. axb5 axb5 53. Nd2 Bb4 54. Nf1+ Kf4 55. Ne3 Bc5 56. Nd5+ Kg3 57. Nf6 b4 58. Kd2 Kf2 59. Nd7 Bd4 0-1

[Event "ENG-ch Senior Over 65"]
[Site "Kenilworth"]
[Date "2025.04.25"]
[Round "2.3"]
[White "Baker, Chris W"]
[Black "McNally, Richard J E"]
[Result "1-0"]
[WhiteElo "2151"]
[BlackElo "1926"]
[PlyCount "71"]
[EventDate "2025.04.24"]
[EventType "swiss"]
[EventRounds "7"]
[EventCountry "ENG"]
[SourceTitle "BritBase"]
[Source "John Saunders"]
[SourceDate "1997.08.31"]
[SourceVersion "1"]
[SourceVersionDate "1997.08.31"]
[SourceQuality "1"]

1. e4 e5 2. Nf3 Nc6 3. Bc4 Nf6 4. d3 Be7 5. O-O O-O 6. a4 d6 7. h3 h6 8. Nbd2 Nh7 9. c3 Ng5 10. Nxg5 Bxg5 11. Nf3 Bxc1 12. Rxc1 Be6 13. Bxe6 fxe6 14. d4 Qf6 15. Qb3 Rab8 16. Rcd1 Kh7 17. dxe5 dxe5 18. Rd7 Rf7 19. Rxf7 Qxf7 20. Rd1 Rd8 21. Rxd8 Nxd8 22. Qb5 Qf4 23. Qxe5 Qc1+ 24. Kh2 Qxb2 25. Qxc7 Nc6 26. Kg3 Qxc3 27. Qxb7 Nd4 28. Qf7 Qa3 29. Qxa7 Nxf3 30. gxf3 Qd6+ 31. Kg2 Qe5 32. Qe7 Kg8 33. Qd8+ Kh7 34. a5 Qb5 35. h4 Qa6 36. Qb6 1-0

[Event "ENG-ch Senior Over 65"]
[Site "Kenilworth"]
[Date "2025.04.25"]
[Round "2.4"]
[White "Moore, John C"]
[Black "Snape, Ian L"]
[Result "1-0"]
[WhiteElo "1938"]
[BlackElo "2098"]
[PlyCount "93"]
[EventDate "2025.04.24"]
[EventType "swiss"]
[EventRounds "7"]
[EventCountry "ENG"]
[SourceTitle "BritBase"]
[Source "John Saunders"]
[SourceDate "1997.08.31"]
[SourceVersion "1"]
[SourceVersionDate "1997.08.31"]
[SourceQuality "1"]

1. e4 c5 2. Nc3 Nc6 3. g3 g6 4. Bg2 Bg7 5. d3 d6 6. f4 e6 7. Nf3 Nge7 8. O-O O-O 9. Be3 Nd4 10. e5 Bd7 11. Ne4 Nef5 12. Bf2 Nxf3+ 13. Bxf3 Bc6 14. c3 h5 15. exd6 b6 16. Nf6+ Bxf6 17. Bxc6 Rc8 18. Be4 Qxd6 19. Qf3 Qd7 20. a4 Rfd8 21. Rfd1 Nd6 22. Kg2 Qe8 23. h3 Nxe4 24. Qxe4 Rd5 25. a5 Qd7 26. axb6 axb6 27. Rd2 Rd8 28. Rad1 b5 29. Be3 Qc6 30. Kf3 Bg7 31. Ke2 f5 32. Qf3 Kf7 33. d4 cxd4 34. Bxd4 e5 35. fxe5 Bxe5 36. Kf2 Qc4 37. Qe3 Bxd4 38. Rxd4 Rxd4 39. Rxd4 Rxd4 40. cxd4 Qc2+ 41. Qe2 Qxe2+ 42. Kxe2 g5 43. Kf3 Ke6 44. h4 f4 45. hxg5 fxg3 46. Kxg3 Kf5 47. Kh4 1-0

[Event "ENG-ch Senior Over 65"]
[Site "Kenilworth"]
[Date "2025.04.25"]
[Round "2.5"]
[White "Bray, Dave J"]
[Black "Jackson, Oliver A"]
[Result "0-1"]
[WhiteElo "1966"]
[BlackElo "2036"]
[PlyCount "66"]
[EventDate "2025.04.24"]
[EventType "swiss"]
[EventRounds "7"]
[EventCountry "ENG"]
[SourceTitle "BritBase"]
[Source "John Saunders"]
[SourceDate "1997.08.31"]
[SourceVersion "1"]
[SourceVersionDate "1997.08.31"]
[SourceQuality "1"]

1. Nf3 Nf6 2. c4 g6 3. Nc3 Bg7 4. d4 O-O 5. e4 d6 6. Be2 Bg4 7. Be3 Nfd7 8. O-O e5 9. dxe5 dxe5 10. Qb3 b6 11. Rad1 Qc8 12. h3 Bxf3 13. Bxf3 Nc6 14. Qa4 Nd4 15. Bg4 f5 16. exf5 gxf5 17. Bxd4 exd4 18. Nd5 Qd8 19. Be2 Kh8 20. b4 a5 21. b5 f4 22. f3 Be5 23. Qc2 Qg5 24. Bd3 Rf7 25. Kh1 Rg8 26. Rg1 Rfg7 27. Rde1 Bd6 28. Re2 Ne5 29. Rge1 Nf7 30. Rg1 Qh4 31. Bf5 Ne5 32. Rge1 Rxg2 33. Nxf4 Rxe2 0-1